000 00684nam a2200289Ia 4500
005 20260324130607.0
008 008 260324s9999 xx 000 0 eng d
020 _a9780429242038
037 _aEBOOK
040 _aCRL
040 _beng
040 _cCRL
041 _2eng
041 _aeng
084 _qCRL
100 _aDavid Sunderland
_91157741
245 0 _aSocial Capital, Trust and the Industrial Revolution
245 0 _b1780-1880
260 _bTaylor and Francis
260 _c2007
365 _a
365 _b93.99
856 _uhttp://www.taylorfrancis.com/books/9780429242038
942 _cEBOOK
999 _c1778674
_d1778674